|
|
|
|
| LEADER |
00000cam a2200000 7i4500 |
| 001 |
0000003379 |
| 005 |
20050824.0 |
| 020 |
0 |
0 |
|a 9837202963
|
| 090 |
0 |
0 |
|a 658.4012
|b BAR
|
| 100 |
1 |
0 |
|a Barry, Thomas J., ,
|d 1941-
|
| 245 |
1 |
0 |
|a Excellence is a habit :
|b how to avoid quality burnout
|c Thomas J. Barry
|
| 260 |
0 |
0 |
|a Kuala Lumpur :
|b Golden Books Centre ,
|c 1996
|
| 300 |
|
|
|a ix, 112p. :
|b ill. ;
|c 23cm.
|
| 650 |
0 |
0 |
|a Business planning
|
| 650 |
0 |
0 |
|a Excellence
|
| 650 |
0 |
0 |
|a Strategic planning
|
| 650 |
0 |
0 |
|a Total quality management
|
| 999 |
|
|
|a 0000006309
|b Monograph
|c Open Shelf
|e Default branch
|